|
|
|
|
| LEADER |
00000cam a2200000 a 4500 |
| 001 |
1/124635 |
| 008 |
220404s2020####gr | ||| |||0 ||gre|| |
| 020 |
|
|
|a 9789606352867
|q (χαρτόδετο)
|
| 040 |
|
|
|a GR-MyUa
|b gre
|c GR-MyUa
|e AACR2
|
| 041 |
1 |
|
|a gre
|h eng
|
| 082 |
7 |
|
|a 199.492
|2 (23)
|
| 100 |
1 |
|
|a Scruton, Roger,
|e aut
|
| 240 |
1 |
0 |
|a Spinoza : a very short introduction.
|l Ελληνικά
|
| 245 |
1 |
0 |
|a Σπινόζα /
|c Ρότζερ Σκράτον ; [μετάφραση Καλλιόπη Μπαλάσκα].
|
| 246 |
3 |
4 |
|a Εισαγωγή στον Σπινόζα.
|
| 260 |
|
|
|a [Αθήνα] :
|b Το Βήμα,
|c 2020.
|
| 300 |
|
|
|a 158 σ. :
|b εικ. ;
|c 21 εκ.
|
| 500 |
|
|
|a "Ειδική έκδοση για την εφημερίδα Το Βήμα".
|
| 500 |
|
|
|a Μετάφραση του: Spinoza : a very short introduction.
|
| 500 |
|
|
|a Τίτλος εξωφύλλου: Εισαγωγή στον Σπινόζα.
|
| 600 |
1 |
0 |
|a Spinoza, Benedictus de,
|d 1632-1677.
|
| 700 |
1 |
|
|a Μπαλάσκα, Καλλιόπη,
|e trlf
|
| 852 |
|
|
|a INST
|b LEMNOS
|e 20220404
|h 199.492 SCR
|p 005600003396
|q 005600003396
|t BK
|y 0
|
| 970 |
|
|
|a Παπαθανασοπούλου
|b Έλενα
|z 04/04/2022
|